1882 1553 1387 1774 1959 1293 1696 1143 1812 1273 1058 1158 1081 1009 1464 1804 1865 1894 1935 1555 1184 1124 1626 1920 1199 1267 1990 1161 1578 1536 1791 1388 1696 1908 1949 1524 1311 1012 1917 1373 1125 1373 1066 1186 1705 1686 1061 1150 1356 1387 1519 1437 1561 1767 1382 1594 1781 1623 1501 1491 1531 1701 1251 1349 1909 1912 1648 1258 1798 1687 1164 1688 1247 1793 1120 1955 1461 1243 1507 1320 1329 1843 1580 1186 1124 1558 1152 1233 1558 1148 1309 1330 1758 1483 1166 1679 1034 1472 1622 BCNSPRNW ULIB Ver.6.0+V

เปลี่ยนเป็นภาษาไทย

Change to English
 แสดงรายละเอียดบรรณานุกรม
  กลับหน้าหลัก

Brief Record : Get Marc (ISO 2709) : E-mail record : QR code < ปิดหน้าต่าง
LEADER : 00000nam 2200000uu 4500
001    13399110905
003     ULIB
008    110613s||||||||th 000 0 tha d
020    9749152344
050  4 AC158^bจ716จ 2547
100    เจนเนอร์ แจน
245    จากแบคทีเรียสู่พืช / ^cผู้แต่ง เอ็กซ์ไลน์, โจเซฟ ดี; แปลและเรียบเรียง ตรัยเทพ เกษศิลป์
246 31 สำรวจโลกวิทยาศาสตร์
260    กรุงเทพฯ : ^bเพียร์สัน เอ็ดดูเคชั่น อินโดไชน่า, ^c2547
300    208 หน้า : ^bภาพประกอบ ; ^c28 ซม.
490    สำรวจโลกวิทยาศาสตร์
650    แบคทีเรีย
650    วิทยาศาสตร์ ^xการทดลอง
700    ตรัยเทพ เกษศิลป์, ^eผู้แปล
945    ^p0^l0^i028559
995    ทศพร
999 ^a ใช้งานได้ทุกระบบ
รายการนี้ยังไม่มีแท็ก
คุณยังไม่ได้ล็อกอิน คุณสามารถมีกิจกรรมร่วมกับเว็บไซต์ได้ แต่ต้องล็อกอินก่อน ::
  ล็อกอิน

รายการสื่อสารสนเทศ

ลำดับที่ ประเภท เลขเรียก/บาร์โค้ด สถานที่ สถานะ
- ไม่พบข้อมูล -

รายการใกล้เคียง
    ผู้แต่ง [เจนเนอร์ แจน]

    หัวเรื่อง [แบคทีเรีย]

BibComment


ยังไม่เคยถูกคอมเมนท์

คอมเมนท์ทรัพยากรรายการนี้
  คอมเมนท์: จากแบคทีเรียสู่พื..


 Copyright 2026. Bcnsprnw @Library